| 000 | 00376cam a2200145ua 4500 | ||
|---|---|---|---|
| 041 |
_aeng _h |
||
| 082 |
_a828.09 _bSTE/MU |
||
| 100 | _aSternfeld, F.W . | ||
| 245 |
_aMusic in Shakespearean tragedy / _cF.W Sternfeld. _hTextual Documents |
||
| 260 |
_aLondon : _bRoutledge & Kegan Paul Ltd , _c1963. |
||
| 300 | _a334 ; . | ||
| 504 | _a | ||
| 942 | _cBK | ||
| 999 |
_c8579 _d8579 |
||